| 000 | 00544nam a22001697a 4500 | ||
|---|---|---|---|
| 005 | 20251108164330.0 | ||
| 008 | 250721s1994 xx 000 0 ara d | ||
| 082 | 1 | 4 | _a390.0956541/قسو |
| 100 | 1 | _aالقسوس، نجيب سليمان | |
| 245 | 1 | 0 | _aملامح من التراث الشعبي في محافظة الكرك / |
| 264 | 1 |
_aالكرك : _bجامعة مؤتة - لجنة إحياء التراث، _c1994. |
|
| 300 | _a206ص | ||
| 650 | 1 | 7 | _aالأدب الشعبي |
| 650 | 1 | 7 | _aالأردن |
| 942 |
_2ddc _cBK |
||
| 999 |
_c9560 _d9560 |
||